[Event "Lisbon-ch"]
[Site "Lisbon"]
[Date "2015.02.10"]
[Round "6"]
[White "Azevedo, Manuel Roque"]
[Black "Nunes, Adelino Vitor"]
[Result "0-1"]
[WhiteElo "1719"]
[BlackElo "1588"]
[PlyCount "70"]
[EventDate "2015.01.27"]
[EventType "swiss"]
[EventRounds "7"]
[EventCountry "POR"]
[SourceTitle "CBM 164 Extra"]
[Source "ChessBase"]
[SourceDate "2015.03.02"]
[SourceVersion "1"]
[SourceVersionDate "2015.03.02"]
[SourceQuality "1"]

1. d4 d5 2. c4 g6 3. Nc3 c6 4. Nf3 Nf6 5. e3 Bg7 6. Bd3 0-0 7. 0-0 a5 8. Bd2 Na6 9. cxd5 Nb4 10. Be2 Nbxd5 11. Ne5 Nxc3 12. Bxc3 Ne4 13. Nf3 c5 14. Qc2 Nxc3 15. bxc3 cxd4 16. cxd4 Bf5 17. Qb2 b6 18. Rac1 Rb8 19. a4 Be4 20. Nd2 Ba8 21. Bf3 e5 22. Bxa8 exd4 23. exd4 Rxa8 24. Nf3 Qd6 25. Rfd1 Bf6 26. Qb5 Rfc8 27. Rxc8+ Rxc8 28. h3 Kg7 29. Qd3 Qb4 30. Qb5 Rc4 31. d5 Rc5 32. Qxb4 axb4 33. d6 b3 34. d7 b2 35. Kf1 Rc1 0-1

[Event "Lisbon-ch"]
[Site "Lisbon"]
[Date "2015.02.06"]
[Round "5"]
[White "Nanques, Helder Manuel Perei"]
[Black "Azevedo, Manuel Roque"]
[Result "1-0"]
[WhiteElo "1922"]
[BlackElo "1719"]
[PlyCount "63"]
[EventDate "2015.01.27"]
[EventType "swiss"]
[EventRounds "7"]
[EventCountry "POR"]
[SourceTitle "CBM 164 Extra"]
[Source "ChessBase"]
[SourceDate "2015.03.02"]
[SourceVersion "1"]
[SourceVersionDate "2015.03.02"]
[SourceQuality "1"]

1. b3 e6 2. Bb2 Nf6 3. e3 Be7 4. Nf3 d6 5. Be2 Nbd7 6. Nc3 b6 7. d3 Bb7 8. Qd2 c6 9. h3 Qc7 10. Nd1 h6 11. 0-0 0-0 12. e4 c5 13. Ne3 Rfd8 14. Nh2 Nh7 15. Neg4 e5 16. f4 Nhf6 17. fxe5 dxe5 18. Rf5 Nxg4 19. Nxg4 Bg5 20. Qc3 Bf6 21. Raf1 Qd6 22. Qe1 Re8 23. Qg3 Kh7 24. Bc1 Re6 25. Rh5 Be7 26. Rxf7 Rg6 27. Nxh6 Rxg3 28. Nf5+ Kg8 29. Nxd6 Bxd6 30. Rxd7 Bxe4 31. dxe4 Rg6 32. Bc4+ 1-0

[Event "Lisbon Belen op 3rd"]
[Site "Lisbon"]
[Date "2007.02.20"]
[Round "3"]
[White "Louro, Eugenio Diogo"]
[Black "Azevedo, Manuel Roque"]
[Result "0-1"]
[WhiteElo "1812"]
[BlackElo "1797"]
[PlyCount "53"]
[EventDate "2007.02.15"]
[EventType "swiss"]
[EventRounds "7"]
[EventCountry "POR"]
[SourceTitle "EXT 2022"]
[Source "ChessBase"]
[SourceDate "2021.10.06"]
[SourceVersion "1"]
[SourceVersionDate "2021.10.06"]
[SourceQuality "1"]

1. e4 e6 2. d4 d5 3. Nc3 dxe4 4. Nxe4 Nd7 5. Nf3 Ngf6 6. Bg5 Be7 7. Bd3 Nxe4 8. Bxe7 Nxf2 9. Bxd8 Nxd1 10. Bxc7 Nxb2 11. Bb5 a6 12. Bxd7+ Kxd7 13. Bg3 Nc4 14. 0-0 f6 15. Rfe1 b6 16. Rad1 Bb7 17. Nd2 Bd5 18. Nxc4 Bxc4 19. a4 b5 20. a5 Rac8 21. Re3 Bd5 22. Rc1 Rc4 23. c3 Rhc8 24. Be1 Rxd4 25. cxd4 Rxc1 26. Kf2 Rc2+ 27. Re2 0-1

[Event "Belenenses op 2nd"]
[Site "Lisbon"]
[Date "2007.01.10"]
[Round "6"]
[White "Azevedo, Manuel Roque"]
[Black "Aguiar, Carlos Alberto Bran"]
[Result "1/2-1/2"]
[WhiteElo "1845"]
[BlackElo "2019"]
[PlyCount "134"]
[EventDate "2006.12.28"]
[EventType "swiss"]
[EventRounds "7"]
[EventCountry "POR"]
[SourceTitle "EXT 2022"]
[Source "ChessBase"]
[SourceDate "2021.10.06"]
[SourceVersion "1"]
[SourceVersionDate "2021.10.06"]
[SourceQuality "1"]

1. d4 Nf6 2. c4 g6 3. Nc3 d5 4. cxd5 Nxd5 5. e4 Nxc3 6. bxc3 Bg7 7. Bc4 0-0 8. Ne2 c5 9. Be3 cxd4 10. cxd4 Nc6 11. 0-0 Na5 12. Bd3 Bg4 13. f3 Bd7 14. Rc1 Rc8 15. Qd2 Nc6 16. Rfd1 e6 17. Qb2 Na5 18. Rxc8 Bxc8 19. Rc1 Nc6 20. Bc4 Qe7 21. Qd2 Rd8 22. Qc3 Bd7 23. Rd1 Rc8 24. Qd3 Nb4 25. Qb3 a6 26. Bd3 Nxd3 27. Rxd3 Bb5 28. Rd2 Qd7 29. Nc3 Bc4 30. Qa4 b5 31. Qxa6 b4 32. Qa4 Qxa4 33. Nxa4 Ra8 34. Nb6 Ra3 35. Nxc4 Rc3 36. d5 exd5 37. Rxd5 Bf6 38. Rc5 Kg7 39. Rc8 Rc2 40. Nd6 Bc3 41. Nb5 Re2 42. Bd4+ Bxd4+ 43. Nxd4 Rxa2 44. Rb8 Rb2 45. Nc6 b3 46. Nd4 Rb1+ 47. Kf2 b2 48. Ne2 h5 49. h3 g5 50. Ke3 Kg6 51. Rb6+ f6 52. e5 Kf7 53. exf6 Kg6 54. Kd2 Kf7 55. g4 hxg4 56. hxg4 Rf1 57. Rxb2 Rxf3 58. Rb6 Ra3 59. Rd6 Rf3 60. Ke1 Kg6 61. Rd5 Kxf6 62. Nd4 Rg3 63. Rd6+ Ke5 64. Rg6 Rxg4 65. Nf3+ Kf5 66. Rxg5+ Rxg5 67. Nxg5 Kxg5 1/2-1/2

[Event "Belenenses op 2nd"]
[Site "Lisbon"]
[Date "2006.12.29"]
[Round "2"]
[White "Rocha, Carlos Fragoso"]
[Black "Azevedo, Manuel Roque"]
[Result "0-1"]
[WhiteElo "1663"]
[BlackElo "1845"]
[PlyCount "108"]
[EventDate "2006.12.28"]
[EventType "swiss"]
[EventRounds "7"]
[EventCountry "POR"]
[SourceTitle "EXT 2022"]
[Source "ChessBase"]
[SourceDate "2021.10.06"]
[SourceVersion "1"]
[SourceVersionDate "2021.10.06"]
[SourceQuality "1"]

1. d4 d5 2. c4 e6 3. e3 Nf6 4. Nf3 c6 5. Qc2 Nbd7 6. Nbd2 Bd6 7. Bd3 0-0 8. b3 Re8 9. c5 Be7 10. Bb2 Qc7 11. 0-0 Nf8 12. Rfe1 N6d7 13. e4 dxe4 14. Nxe4 Nf6 15. Nxf6+ Bxf6 16. Ne5 Bd7 17. Re3 Rad8 18. Rh3 g6 19. Re1 Bg7 20. Re4 f6 21. Nxd7 Rxd7 22. Reh4 f5 23. Bc3 Bf6 24. Rh6 Bxd4 25. Qb2 Qd8 26. b4 Qf6 27. Be2 Bxc3 28. Rxc3 Qd4 29. Rhh3 Red8 30. Rhd3 Qg7 31. Rxd7 Rxd7 32. g3 a6 33. Kg2 Rd4 34. a3 Qd7 35. Rc2 h6 36. h4 Kh7 37. Kh3 e5 38. Kh2 Qd5 39. a4 Ne6 40. b5 cxb5 41. axb5 Nxc5 42. bxa6 bxa6 43. Rxc5 Qxc5 44. Qb7+ Kg8 45. Qb8+ Kf7 46. Qb7+ Kf6 47. Qxa6+ Rd6 48. Qa8 Qxf2+ 49. Kh3 Qxe2 50. Qh8+ Ke6 51. Qg8+ Kd7 52. Qf7+ Kc6 53. Qe8+ Kc5 54. Qc8+ Rc6 0-1

[Event "Belenenses op 1st"]
[Site "Lisbon"]
[Date "2006.12.22"]
[Round "5"]
[White "Bravo, Ricardo Antonio Rod"]
[Black "Azevedo, Manuel Roque"]
[Result "0-1"]
[WhiteElo "1743"]
[BlackElo "1845"]
[PlyCount "100"]
[EventDate "2006.12.18"]
[EventType "swiss"]
[EventRounds "7"]
[EventCountry "POR"]
[SourceTitle "EXT 2022"]
[Source "ChessBase"]
[SourceDate "2021.10.06"]
[SourceVersion "1"]
[SourceVersionDate "2021.10.06"]
[SourceQuality "1"]

1. d4 d5 2. c4 e6 3. Nc3 Nf6 4. Bg5 Nbd7 5. cxd5 exd5 6. e3 c6 7. Nf3 Be7 8. Bd3 0-0 9. Qc2 Re8 10. 0-0 Nf8 11. Rfb1 Be6 12. b4 a6 13. a4 N6d7 14. Bxe7 Qxe7 15. b5 axb5 16. axb5 c5 17. dxc5 Nxc5 18. Be2 Red8 19. Rxa8 Rxa8 20. Qd2 Rd8 21. Qd4 Ng6 22. Na4 Nxa4 23. Qxa4 Qc5 24. Qd4 Qc2 25. Bd3 Qc7 26. Qb2 Rc8 27. Bxg6 hxg6 28. Nd4 Bd7 29. b6 Qc5 30. Kf1 Qd6 31. g3 Rc4 32. Ke1 Qc5 33. Kd2 Qa5+ 34. Kd1 Bg4+ 35. f3 Bd7 36. Ra1 Ra4 37. Rxa4 Bxa4+ 38. Ke2 Qc5 39. Kd2 Kh7 40. Kd3 Bd7 41. Kd2 Kh6 42. Ne2 Qa5+ 43. Nc3 Bc6 44. Kd3 Qc5 45. Ke2 d4 46. exd4 Qxd4 47. Qd2+ Qxd2+ 48. Kxd2 Bxf3 49. Ke3 Bc6 50. Ne2 Kg5 0-1

[Event "Lisbon-ch Seniors"]
[Site "Lisbon"]
[Date "2006.02.28"]
[Round "7"]
[White "Azevedo, Manuel Roque"]
[Black "Lopes, Carlos Manuel Espir"]
[Result "1-0"]
[WhiteElo "1759"]
[BlackElo "2010"]
[PlyCount "83"]
[EventDate "2006.02.20"]
[EventType "swiss"]
[EventRounds "7"]
[EventCountry "POR"]
[SourceTitle "EXT 2008"]
[Source "ChessBase"]
[SourceDate "2007.11.25"]
[SourceVersion "1"]
[SourceVersionDate "2007.11.25"]
[SourceQuality "1"]

1. d4 Nf6 2. c4 g6 3. Nc3 Bg7 4. Nf3 0-0 5. g3 d6 6. Bg2 Re8 7. 0-0 Nbd7 8. Qc2 e5 9. dxe5 Nxe5 10. Nxe5 Rxe5 11. Bf4 Re8 12. Qd2 Ng4 13. Rac1 Ne5 14. b3 Nc6 15. Bg5 f6 16. Be3 Be6 17. Nb5 Qd7 18. Rfd1 a6 19. Nd4 Bh3 20. Bd5+ Kh8 21. Nxc6 bxc6 22. Bg2 Re5 23. Bd4 Rh5 24. Bf3 Bg4 25. Qf4 Bxf3 26. Qxf3 Rf5 27. Qg2 Re8 28. e3 d5 29. Bb2 Bh6 30. Rc2 Qe6 31. cxd5 cxd5 32. Bd4 Re7 33. Rdc1 Qc8 34. Rc6 Bg7 35. Qf1 h5 36. Qxa6 Qb8 37. Bxf6 Rf7 38. Bxg7+ Rxg7 39. Rxg6 Qg8 40. Rh6+ Rh7 41. Rxh7+ Qxh7 42. Qc8+ 1-0